[Event "Scarborough CC-ch"]
[Site "Toronto"]
[Date "2019.04.11"]
[Round "2.9"]
[White "Leblanc, Miguel"]
[Black "Huang, Youhe"]
[Result "0-1"]
[WhiteElo "1931"]
[BlackElo "1982"]
[PlyCount "69"]
[EventDate "2019.04.04"]
[EventType "swiss"]
[EventRounds "8"]
[EventCountry "CAN"]
[SourceTitle "EXT 2022"]
[Source "ChessBase"]
[SourceDate "2021.10.06"]
[SourceVersion "1"]
[SourceVersionDate "2021.10.06"]
[SourceQuality "1"]

1. e4 Nf6 2. e5 Nd5 3. d4 d6 4. c4 Nb6 5. exd6 cxd6 6. Nc3 g6 7. g3 Bg7 8. Bg2 0-0 9. b3 Nc6 10. Be3 e5 11. dxe5 Nxe5 12. Rc1 Bf5 13. Be4 Nexc4 14. Bxb6 Nxb6 15. Bxf5 gxf5 16. Qf3 Re8+ 17. Nge2 Rc8 18. 0-0 Qd7 19. Rfd1 Rc5 20. Nd5 Rxd5 21. Nf4 Rxd1+ 22. Rxd1 Qc6 23. Qh5 Qc5 24. Qg5 h6 25. Qh4 Nd7 26. Rd5 Qc6 27. h3 Re1+ 28. Kh2 Nf6 29. Nd3 Rh1+ 30. Kxh1 Qxd5+ 31. Kg1 Qxd3 32. Qb4 Nd5 33. Qxb7 Bd4 34. Qc8+ Kg7 35. Qxf5 0-1